| 000 | 01598cam a2200385 a 4500 | ||
|---|---|---|---|
| 001 | EDZ0000071583 | ||
| 003 | StDuBDS | ||
| 005 | 20161031105105.0 | ||
| 006 | m||||||||d|||||||| | ||
| 007 | cr ||||||||||| | ||
| 008 | 120405s2006 enka fo| 001|0|eng|d | ||
| 020 |
_a9781446212301 (ebook) : _cNo price |
||
| 040 |
_aStDuBDS _beng _cStDuBDS _epn |
||
| 049 | _aAlfaisal Main Library | ||
| 050 | 0 |
_aHF5381 _b.N28 2006 |
|
| 082 | 0 | 4 |
_a331.702 _223 |
| 100 | 1 | _aNathan, Robert. | |
| 245 | 1 | 0 |
_aCareer counselling _h[electronic resource] / _cRobert Nathan and Linda Hill. |
| 250 | _a2nd ed. | ||
| 260 |
_aLondon : _bSAGE, _c2006. |
||
| 300 |
_a1 online resource (viii, 183 p.) : _bill. |
||
| 490 | 1 | _aCounselling in practice | |
| 520 | 8 | _aThis new edition explains what career counselling actually is why people seek it, and indicates the many contexts where it is used. The text describes in detail the skills, tools, and techniques of career counselling, useful to both professional career counsellors and those for whom career counselling is just part of their work. | |
| 521 | _aSpecialized. | ||
| 588 | _aDescription based on print version record. | ||
| 504 | _aIncludes bibliographical references and index. | ||
| 650 | 0 | _aVocational guidance. | |
| 655 | 7 |
_aElectronic books. _2local |
|
| 700 | 1 |
_aHill, Linda A. _q(Linda Annette), _d1956- |
|
| 710 | 2 | _aSage eBooks | |
| 776 | 0 | 8 |
_iPrint version : _z9781412908382 |
| 830 | 0 | _aCounselling in practice. | |
| 856 | 4 | 0 | _uhttp://ezproxy.alfaisal.edu/login?url=http://sk.sagepub.com/books/career-counselling-2e |
| 942 |
_2lcc _cEBOOKS |
||
| 999 |
_c479135 _d479135 |
||